000 00453nmm a2200145Ia 4500
008 251105s9999||||xx |||||||||||||||||und||
041 _aspa
100 _aCantero, Jorge
245 0 _aEl rincón más oscuro de su mente :
_b Finalista I Premio La Trama
264 _a[Madrid, España] :
_bEdiciones B,
_c2015
300 _a308 páginas
650 _aLatin American narrative
856 _uhttps://public.digitaliapublishing.com/a/54131
942 _cCF
999 _c105332
_d105332